Zambian humanism, religion, and social morality / (Record no. 119215)
[ view plain ]
| 000 -LEADER | |
|---|---|
| fixed length control field | 00963nam a2200289 a 4500 |
| 001 - CONTROL NUMBER | |
| control field | 2012869 |
| 003 - CONTROL NUMBER IDENTIFIER | |
| control field | ARRUPE |
| 005 - DATE AND TIME OF LATEST TRANSACTION | |
| control field | 20131211164107.0 |
| 008 - FIXED-LENGTH DATA ELEMENTS--GENERAL INFORMATION | |
| fixed length control field | 910117s1989 za b 000 0 eng |
| 010 ## - LIBRARY OF CONGRESS CONTROL NUMBER | |
| LC control number | 90981289 |
| 020 ## - INTERNATIONAL STANDARD BOOK NUMBER | |
| International Standard Book Number | 9982070029 |
| 040 ## - CATALOGING SOURCE | |
| Original cataloging agency | DLC |
| Transcribing agency | DLC |
| 043 ## - GEOGRAPHIC AREA CODE | |
| Geographic area code | f-za--- |
| 050 00 - LIBRARY OF CONGRESS CALL NUMBER | |
| Classification number | B549.Z33 |
| Item number | D55 1989 |
| 082 00 - DEWEY DECIMAL CLASSIFICATION NUMBER | |
| Classification number | 144/.096894 |
| Edition number | 20 |
| 300 ## - PHYSICAL DESCRIPTION | |
| Dimensions | 21 cm. |
| 100 2# - MAIN ENTRY--PERSONAL NAME | |
| Personal name | Dillon-Malone, Clive M. |
| Fuller form of name | (Clive Mary) |
| 9 (RLIN) | 5535 |
| 245 10 - TITLE STATEMENT | |
| Title | Zambian humanism, religion, and social morality / |
| Statement of responsibility, etc | [Clive Dillon-Malone]. |
| 260 ## - PUBLICATION, DISTRIBUTION, ETC. (IMPRINT) | |
| Place of publication, distribution, etc | [Zambia : |
| Name of publisher, distributor, etc | s.n.], |
| Date of publication, distribution, etc | c1989 |
| Place of manufacture | (Ndola, Zambia : |
| Manufacturer | Mission Press) |
| 300 ## - PHYSICAL DESCRIPTION | |
| Extent | v, 102 p. ; |
| 504 ## - BIBLIOGRAPHY, ETC. NOTE | |
| Bibliography, etc | Includes bibliographical references (p. 100-102). |
| 650 #0 - SUBJECT ADDED ENTRY--TOPICAL TERM | |
| Topical term or geographic name as entry element | Humanism |
| Geographic subdivision | Zambia. |
| 9 (RLIN) | 5536 |
| 650 #0 - SUBJECT ADDED ENTRY--TOPICAL TERM | |
| Topical term or geographic name as entry element | Philosophy, Zambian. |
| 9 (RLIN) | 5537 |
| 651 #0 - SUBJECT ADDED ENTRY--GEOGRAPHIC NAME | |
| Geographic name | Zambia |
| General subdivision | Religion. |
| 9 (RLIN) | 5538 |
| 906 ## - LOCAL DATA ELEMENT F, LDF (RLIN) | |
| a | 7 |
| b | cbc |
| c | orignew |
| d | 3 |
| e | ncip |
| f | 19 |
| g | y-gencatlg |
| 942 ## - ADDED ENTRY ELEMENTS (KOHA) | |
| Source of classification or shelving scheme | Library of Congress Classification |
| Koha item type | Monograph ( Printed materials) |
| Withdrawn status | Lost status | Source of classification or shelving scheme | Damaged status | Not for loan | Home library | Current library | Date acquired | Total Checkouts | Full call number | Barcode | Date last seen | Price effective from | Koha item type | Shelving location | Date checked out |
|---|---|---|---|---|---|---|---|---|---|---|---|---|---|---|---|
| Library of Congress Classification | ARRUPE LIBRARY | ARRUPE LIBRARY | 30/01/2014 | B5449.Z33 D55 1989 | 46412145 | 30/01/2014 | 30/01/2014 | Monograph ( Printed materials) | |||||||
| Library of Congress Classification | ARRUPE LIBRARY | ARRUPE LIBRARY | 30/01/2014 | 1 | B5449.Z33 D55 1989 | 46412161 | 21/02/2017 | 30/01/2014 | Monograph ( Printed materials) | Main Collection | 17/02/2017 |